000 00689nam a2200193Ia 4500
008 240729s9999 xx 000 0 und d
022 _a2153-2648
245 0 _aInternational Journal of Prognostics and Health Management
260 _aUnited States
260 _bThe Prognostics and Health Management Society
650 _a Engineering (General). Civil engineering (General)
650 _a Engineering (General). Civil engineering (General)
650 _a Engineering machinery, tools, and implements | Technology
650 _a Systems engineering
650 _aTechnology
856 _uhttps://doaj.org/toc/82506d2ae18d47aea2e80ccea29f4261
942 _2ddc
942 _cDOAJEJ
999 _c72032
_d72032
945 _a1
_bMadushi Gamage
_c1
_dMadushi Gamage